Quick Pick: Eminem Song Title Endings Quiz Stats

 Plays Quiz Updated Nov 30, 2017

Score 0/12 Timer 01:30
13 Plays Today
% Correct
Closet
97.8%
Soldiers
97.7%
Lie
97.4%
Yourself
97.4%
Shady
97.1%
Gone
95.9%
Collapse
95.6%
God
94.4%
Me
94.1%
Is
92.9%
Moment
92.4%
Afraid
92.3%

Today's Daily Dose

Missing Word
Wicked Songs

Word Ladder
Blue Ivies

Get the Picture
Green on the Flag?

You're not logged in!

Compare scores with friends on all Sporcle quizzes.
OR
Log In

You Might Also Like...

Show Comments

Extras

Top Quizzes Today


Score Distribution

Your Account Isn't Verified!

In order to create a playlist on Sporcle, you need to verify the email address you used during registration. Go to your Sporcle Settings to finish the process.

Report this User

Report this user for behavior that violates our Community Guidelines.

Details: